00751nam a2200229Ia 4500003000900000005001700009008004100026040001300067040001300080041000800093100003100101245004800132250002200180260002300202260000900225300002000234490002500254490000800279942001200287999001700299952020500316IT-RoPAU20220918175533.0120407s9999 xx 000 0 und d aIT-RoPAU cIT-RoPAU aita aEmanuela Marinelli 934766 aLa Sindone. Un’immagine “impossibile” aCinisello Balsamo aSan Paolo Edizioni c1996 c21 brossura cm aProblemi e dibattiti v131 cBK2ddc c17570d17570 00102ddc406232_900000000000000_15371aPAULUSbPAULUSd2012-04-11l0o232.9.153r2012-04-11 00:00:00w2012-04-11yBKzInserito da: Jole In data: 12 settembre 2011 fondo: Via A.Severo 56 Progr:21778